[Event "Olympiad Women 2024"]
[Site "Budapest HUN"]
[Date "2024.09.20"]
[Round "9.15"]
[Board "4"]
[White "Hamid, Rani"]
[Black "Sarquis, Maria Belen"]
[Result "1-0"]
[WhiteElo "1900"]
[BlackElo "2172"]
[PlyCount "107"]
[EventDate "2024.09.11"]
[WhiteTeam "Bangladesh"]
[BlackTeam "Argentina"]
[WhiteTeamCountry "BAN"]
[BlackTeamCountry "ARG"]

1. e4 e5 2. Nf3 Nc6 3. Bb5 a6 4. Ba4 Nf6 5. O-O d6 6. Re1 Bd7 7. c3 g6 8. d4 Bg7 9. Nbd2 O-O 10. Nf1 b5 ({RR} 10... exd4 11. cxd4 Bg4 12. Ng3 b5 13. Bb3 Bxf3 14. gxf3 Na5 15. Be3 Nd7 16. Rc1 Nxb3 17. Qxb3 c5 18. dxc5 dxc5 19. Bxc5 Nxc5 20. Rxc5 Qd4 21. Rc2 Rac8 22. Rec1 Rxc2 23. Rxc2 h5 24. Kg2 h4 25. Ne2 {½-½ Vachier Lagrave,M (2766)-Caruana,F (2791) Speed Chess Chess.com INT blitz 2021 (1.21)}) 11. Bb3 Bg4 12. Be3 Na5 $146 ({RR} 12... exd4 13. cxd4 Na5 14. Bc2 Nc4 15. Bc1 Re8 16. b3 Nb6 17. Bb2 c5 18. Ne3 Be6 19. Ng5 Bc8 20. e5 Nfd5 21. Nxd5 Nxd5 22. Nxf7 Kxf7 23. Qf3+ Kg8 24. Qxd5+ Be6 25. Qxd6 Qxd6 26. exd6 Rad8 27. Be4 {1-0 Thorsen,A (2165)-Semprun Martinez,F (2064) Killer Chess Training Op 2023 (2.11)}) ({RR} 12... Re8 13. h3 Bxf3 14. Qxf3 Na5 15. Bc2 Nc4 16. b3 Nxe3 17. Nxe3 Nd7 18. Rad1 b4 19. Nd5 a5 20. cxb4 exd4 21. b5 Ne5 22. Qe2 c6 23. bxc6 Nxc6 24. Bd3 Nb4 25. Bc4 Nxd5 26. Bxd5 Rc8 27. Rc1 {½-½ Varshita Jain (1676)-Modipalli Deekshitha (1678) 40th World Junior Girls 2024 (6.45)}) 13. dxe5 Bxf3 14. Qxf3 dxe5 15. Bc2 Qe7 16. b4 Nb7 17. Bg5 h6 18. Bh4 Nd6 19. Ne3 c6 20. Rad1 a5 21. Ng4 Nde8 22. a3 Qe6 23. Ne3 axb4 24. axb4 Ra3 25. Rd3 Nd6 26. Bxf6 Bxf6 27. Red1 Be7 28. Ng4 Kg7 29. h3 Rd8 30. Qe3 h5 31. Qh6+ Kg8 32. Nh2 Qf6 33. Nf3 Rd7 34. h4 Ra2 35. R3d2 Ra3 36. Rd3 Ra2 37. Bb3 Rb2 38. c4 bxc4 39. Bxc4 Ra7 40. Bb3 Bf8 41. Qc1 Rxb3 42. Rxb3 Nb5 43. Qb2 Bd6 44. Rbd3 Qe7 45. Qd2 Rd7 46. Qc1 Rc7 47. Qh6 Qf6 48. Ng5 Nd4 49. Ra1 Rc8 50. Ra7 Bc7 51. Rda3 Nb5 52. Ra8 Bb8 53. Qh7+ Kf8 54. Rf3 1-0

[Event "Olympiad Women 2024"]
[Site "Budapest HUN"]
[Date "2024.09.20"]
[Round "9.16"]
[Board "1"]
[White "Frayna, Janelle Mae"]
[Black "Bulmaga, Irina"]
[Result "0-1"]
[WhiteElo "2216"]
[BlackElo "2406"]
[PlyCount "82"]
[EventDate "2024.09.11"]
[WhiteTeam "Philippines"]
[BlackTeam "Romania"]
[WhiteTeamCountry "PHI"]
[BlackTeamCountry "ROU"]

1. Nf3 Nf6 2. c4 e6 3. g3 d5 4. Bg2 dxc4 5. Qa4+ Bd7 6. Qxc4 c5 7. Ne5 Qc8 8. O-O Nc6 9. Nxd7 Qxd7 10. Qa4 Rc8 11. Nc3 Be7 12. d3 O-O 13. Be3 Nd5 14. Nxd5 exd5 15. Rac1 b6 16. a3 Rfd8 17. Rfe1 Rb8 $146 ({RR} 17... Ne5 18. Qxd7 Rxd7 19. Bh3 Rcc7 20. Bf4 f6 21. Bxd7 Rxd7 22. Bxe5 fxe5 23. e3 Kf7 24. Kg2 Ke6 25. f4 g6 26. Rf1 Bf6 27. fxe5 Bxe5 28. b4 Bb2 29. Rc2 Bxa3 30. bxc5 bxc5 31. Ra1 Bb4 32. Ra6+ {1-0 Varvadoukas,T (2109)-Tisaj,D (2396) European Blitz 2022 (10.51)}) 18. Qb5 Qb7 19. Qb3 Qd7 20. Qb5 Rb7 21. Qb3 h6 22. Qc2 Rc7 23. Qa4 Rb7 24. Qc2 Rc7 25. Qa4 a5 26. Qb5 Rb7 27. Bh3 Qc7 28. Bf4 Bd6 29. Be3 Be5 30. Rc2 Rbb8 31. Rd1 Qd6 32. Bg2 g5 33. Bh3 Bd4 34. Bc1 Bxf2+ 35. Kxf2 Nd4 36. Qa4 b5 37. Qxa5 Nxc2 38. Qc3 Nd4 39. b4 Qf6+ 40. Kg2 Re8 41. Re1 Rxe2+ 0-1

[Event "Olympiad Women 2024"]
[Site "Budapest HUN"]
[Date "2024.09.20"]
[Round "9.16"]
[Board "2"]
[White "Sandu, Mihaela"]
[Black "Fronda, Jan Jodilyn"]
[Result "1-0"]
[WhiteElo "2248"]
[BlackElo "2165"]
[PlyCount "68"]
[EventDate "2024.09.11"]
[WhiteTeam "Romania"]
[BlackTeam "Philippines"]
[WhiteTeamCountry "ROU"]
[BlackTeamCountry "PHI"]

1. e4 c5 2. Nf3 e6 3. d4 cxd4 4. Nxd4 Nc6 5. Nc3 Qc7 6. Be3 a6 7. g4 b5 8. Nxc6 Qxc6 9. Qd2 Bb7 10. O-O-O d6 ({RR} 10... Rc8 11. f3 Ne7 12. Ne2 Ng6 13. Nd4 Qc7 14. Be2 Ne5 15. Kb1 Be7 16. h4 d5 17. Bf4 Bd6 18. Bh2 O-O 19. f4 Nc4 20. Bxc4 dxc4 21. Nxe6 {½-½ Brkic,A (2588)-Andreikin,D (2724) FRM-chT 29th 2021 (4)}) 11. f3 Nf6 12. h4 Be7 13. h5 $146 ({RR} 13. a3 Rc8 14. g5 Nd7 15. h5 Ne5 16. Be2 Nc4 17. Bxc4 Qxc4 18. g6 a5 19. gxf7+ Kxf7 20. Bg5 b4 21. Qf4+ Bf6 22. Bxf6 gxf6 23. Qxd6 Bc6 24. Rhg1 Rhe8 25. h6 Rg8 26. Rxg8 Rxg8 27. Qc7+ Kg6 {1-0 Rohith S (1866)-Alekhya,M (2130) 61st World Juniors 2024 (7.37)}) 13... h6 14. Ne2 Rc8 15. Nd4 Qc7 16. Rg1 Nd7 17. g5 hxg5 18. Bxg5 Rxh5 19. Bxe7 Kxe7 20. Rxg7 d5 21. Be2 Qe5 22. f4 Qxg7 23. Bxh5 Nf6 24. Qb4+ Kd7 25. Bf3 Qg3 26. Qd2 Rh8 27. exd5 Bxd5 28. f5 Rh2 29. fxe6+ fxe6 30. Qc3 Qc7 31. Bxd5 exd5 32. Qe3 Ne4 33. Qf3 Qe5 34. Qf7+ Kd6 1-0

[Event "Olympiad Women 2024"]
[Site "Budapest HUN"]
[Date "2024.09.20"]
[Round "9.16"]
[Board "3"]
[White "Canino, Ruelle"]
[Black "Voicu-Jagodzinsky, Carmen"]
[Result "1-0"]
[WhiteElo "2004"]
[BlackElo "2271"]
[PlyCount "131"]
[EventDate "2024.09.11"]
[WhiteTeam "Philippines"]
[BlackTeam "Romania"]
[WhiteTeamCountry "PHI"]
[BlackTeamCountry "ROU"]

1. c4 {Ribli,Zoltan} c5 2. Nf3 Nc6 3. g3 e5 4. Bg2 g6 5. O-O d6 6. Nc3 Bg7 7. a3 a5 8. Ne1 Be6 ({RR} 8... Nge7 9. Nc2 Be6 10. Ne3) 9. d3 Nge7 10. Nd5 ({RR} 10. Nc2 Rb8 11. Ne3 Nd4 12. Ned5 Nxd5 13. cxd5 Bg4 14. h3 Bc8 15. e3 Nf5 16. b4 b5 17. e4 Nd4 18. bxc5 dxc5 19. Be3 O-O 20. Rc1 Qd6 21. a4 b4 22. Nb5 Qb6 23. Bxd4 cxd4 24. Rc6 Qd8 {0-1 Kramnik,V (2772)-Dominguez Perez,L (2719) Wch Blitz 4th 2009 (40)}) ({RR} 10. Nc2 d5) 10... O-O 11. Nc2 Rb8 ({RR} 11... a4 12. Rb1 Na5 13. Bg5 f6 14. Nxe7+ Qxe7 15. Bd2 Nb3 16. Ne3 f5 17. Nd5 Qd8 18. e3 Rb8 19. Nc3 Qd7) 12. a4 $146 ({RR} 12. b4 b5 13. Bg5 h6 14. Bxe7 Nxe7 15. Nxe7+ Qxe7 16. bxc5 dxc5 17. Ne3 e4 18. Rb1 exd3 19. exd3 b4 20. Qa4 Qc7 21. Nd5 Bxd5 22. Bxd5 Bc3 23. Qc2 Kg7 24. axb4 axb4 25. Kg2 Rfe8 26. Qd1 Re7 {0-1 Kimelman,G (2167)-Zhu,H (2232) Pan American-ch U18 27th 2016 (4)}) ({RR} 12. Nce3 f5 13. Bd2 b5 14. Rb1 b4 15. Nxe7+ Nxe7 16. Nd5 Nxd5 17. cxd5 Bd7 18. axb4 axb4 19. Qb3 Ra8 20. Ra1 Qb6 21. h4 h6 22. e3 Qb7 23. f4 Kh7 24. e4 Rxa1 25. Rxa1 Ra8 26. Rf1 Ba4 {0-1 Mende,A (2100)-Grave,J (2286) Titled Tue 21st May Early 2024 (1)}) ({RR} 12. b4 axb4 13. axb4 Bxd5 14. cxd5 Nxb4 15. Nxb4 cxb4 16. Rb1 Qa5 17. Qb3 Rfc8 18. Bd2 b5 19. Bxb4 Qb6 20. e3 h6 21. Rfc1 Bf8 22. Bf3 Rxc1+ 23. Rxc1 Ra8 24. Rb1 Bg7 25. Bd2 Rb8 26. Qb4 h5 {½-½ San Segundo Carrillo,P (2440)-Cramling,P (2525) ESP-chT Spain 1993}) ({RR} 12. Bg5 f6 ({RR} 12... b5 13. Nf6+ Bxf6 ({RR} 13... Kh8 14. Bxc6 Nxc6 ({RR} 14... h6 15. Bxb5 hxg5 16. Ne4) 15. Nxh7) 14. Bxf6 Qd7 15. Qd2) 13. Bd2 b5 14. b3 Kh8 ({RR} 14... f5 15. Rb1 b4 16. Nxe7+ Nxe7 17. axb4 axb4 18. Bg5 f4 19. e3 h6 20. Bxe7 Qxe7 21. exf4 exf4 22. Re1 Be5 23. d4 cxd4 24. Nxd4) ({RR} 14... Bxd5 15. cxd5 Nd4 16. Nxd4 exd4 17. Qc2 Kh8 18. a4 b4 19. Rae1) 15. Nc3 ({RR} 15. Nxe7 Nxe7 16. cxb5 ({RR} 16. Ne3) 16... Rxb5 ({RR} 16... Bxb3 17. a4) 17. b4 axb4 18. axb4 cxb4 19. Nxb4 Qd7) 15... a4 ({RR} 15... b4 16. axb4 axb4 17. Nd5 f5) 16. cxb5 ({RR} 16. bxa4 bxc4) ({RR} 16. Nxb5 axb3 17. Ne3 ({RR} 17. Ne1 d5) 17... Nd4) 16... axb3 17. bxc6 bxc2 18. Qxc2 Bb3 ({RR} 18... d5 19. Na4 Nxc6 20. Nxc5) 19. Qc1 d5 ({RR} 19... Qc8 20. a4 Nxc6 21. Nb5 Qd7) 20. a4 Nxc6 21. Be3 ({RR} 21. Nb5 Bxa4 22. Rxa4 Rxb5) 21... Nd4 ({RR} 21... Qa5 22. Nxd5 Nd4 23. Bxd4 cxd4 24. Ne7) 22. a5 c4 ({RR} 22... Qd6) ({RR} 22... Rf7) 23. a6 cxd3 ({RR} 23... Rf7 24. a7 Ra8 25. Bxd4 exd4 26. Bxd5) 24. exd3 Rc8 25. Bxd4 exd4 26. Qa3 Rxc3 {1-0 Damljanovic,B (2587)-Banikas,H (2542) EU-ch 4th Istanbul 2003 (11)} ({RR} 26... dxc3 27. Qxb3)) ({RR} 12. b4 axb4 13. axb4 cxb4 14. Ncxb4 Nxb4 15. Nxb4 d5 16. cxd5 Nxd5 17. Nxd5 Bxd5 18. Ba3 Re8 19. Rb1 Bxg2 20. Kxg2 Qd5+ 21. Kg1 e4) 12... Nb4 13. Nxe7+ Qxe7 14. Bd2 f5 15. Bc3 f4 16. Re1 Qf7 17. Bxb4 axb4 18. Qd2 h5 19. e3 f3 20. Bf1 e4 21. Rab1 h4 22. g4 Bxg4 23. dxe4 Be5 24. Red1 Be6 25. Ne1 Rbd8 26. Nd3 Rd7 27. Nxe5 dxe5 28. Qc2 Rfd8 29. Kh1 b3 30. Qxb3 Rd2 31. Rxd2 Rxd2 32. Qc3 Qd7 33. Qxe5 Bh3 34. Qg5 Bg2+ 35. Bxg2 Rd1+ 36. Rxd1 Qxd1+ 37. Bf1 Qxf1+ 38. Qg1 Qxc4 39. Qxg6+ Kh8 40. Qf6+ Kg8 41. Qd8+ Kg7 42. Qc7+ Kg6 43. Qd6+ Kg7 44. Qe5+ Kg6 45. Qf5+ Kg7 46. Qg4+ Kf7 47. Qxf3+ Ke7 48. Kg2 Qxa4 49. Qf4 Qc2 50. Qxh4+ Kd7 51. Qg4+ Kc7 52. Qg7+ Kc6 53. Qe5 b5 54. h4 Qe2 55. Qe6+ Kb7 56. e5 b4 57. b3 Qc2 58. Qd5+ Kb6 59. e6 Qg6+ 60. Kh3 Qf6 61. f4 Qc3 62. Qe4 Qh8 63. e7 Qe8 64. Qe6+ Kc7 65. f5 Qh5 66. Kg3 1-0

[Event "Olympiad Women 2024"]
[Site "Budapest HUN"]
[Date "2024.09.20"]
[Round "9.16"]
[Board "4"]
[White "Lehaci, Miruna-Daria"]
[Black "Galas, Bernadette"]
[Result "1/2-1/2"]
[WhiteElo "2180"]
[BlackElo "2013"]
[PlyCount "115"]
[EventDate "2024.09.11"]
[WhiteTeam "Romania"]
[BlackTeam "Philippines"]
[WhiteTeamCountry "ROU"]
[BlackTeamCountry "PHI"]

1. e4 c5 2. Nf3 Nc6 3. Bb5 g6 4. O-O Bg7 5. Bxc6 dxc6 6. d3 e5 7. a3 Qc7 8. Be3 b6 9. b4 cxb4 10. axb4 Nf6 $146 ({RR} 10... Ne7 11. Qc1 Bg4 12. Nbd2 O-O 13. h3 Bd7 14. Nc4 Be6 15. Nfd2 h6 16. Ra6 Nd5 17. exd5 cxd5 18. Nxe5 Qxe5 19. Nb3 Qc3 20. Bxh6 Bxh6 21. Qxh6 Qxc2 22. Nd4 Qxd3 23. Nxe6 fxe6 24. Ra3 Qxa3 25. Qxg6+ {½-½ Kaasen,T (2453)-Benidze,D (2381) TUR-chT 1st League 2022 (5.9)}) 11. c4 O-O 12. Nc3 Nh5 13. b5 c5 14. Nd5 Qd6 15. Ra3 f5 16. Bd2 Nf4 17. Re1 fxe4 18. dxe4 Bg4 19. Bc1 g5 20. Ree3 Kh8 21. Bb2 Bxf3 22. Rxf3 Qd7 23. Rfc3 Rad8 24. Rc2 Rf7 25. Rd2 Qe6 26. Qa1 Rdd7 27. Qd1 h6 28. Qc2 Qe8 29. Ra1 Ne6 30. Ra3 Nf4 31. Bc3 Qe6 32. Qd1 Qe8 33. Qa1 Qe6 34. Bb2 Qe8 35. Qa2 Qe6 36. Bc1 Qg4 37. f3 Qe6 38. Ne3 Rxd2 39. Qxd2 Rd7 40. Nd5 Qf7 41. Bb2 Ne6 42. Qf2 Nf4 43. Bc1 Qg6 44. h3 Ne6 45. Be3 Qf7 46. Ra2 Nd4 47. Qg3 Qe6 48. Kh1 Rf7 49. Qg4 Qxg4 50. hxg4 Ne6 51. Kg1 Rd7 52. Rd2 Nd4 53. Kf2 Kg8 54. Rd1 Kf7 55. g3 Ne6 56. Kg2 Ke8 57. Rf1 Rf7 58. Bd2 1/2-1/2

[Event "Olympiad Women 2024"]
[Site "Budapest HUN"]
[Date "2024.09.20"]
[Round "9.17"]
[Board "1"]
[White "Keinanen, Anastasia"]
[Black "Unuk, Laura"]
[Result "1-0"]
[WhiteElo "2212"]
[BlackElo "2316"]
[PlyCount "100"]
[EventDate "2024.09.11"]
[WhiteTeam "Finland"]
[BlackTeam "Slovenia"]
[WhiteTeamCountry "FIN"]
[BlackTeamCountry "SLO"]

1. e4 c6 2. d4 d5 3. exd5 cxd5 4. Bd3 Nc6 5. c3 Nf6 6. Bf4 e6 7. Nd2 h6 ({RR} 7... Bd6 8. Bg3 Bxg3 9. hxg3 e5 10. dxe5 Nxe5 11. Qe2 Qe7 12. Bb5+ Nc6 13. Qxe7+ Kxe7 14. Ne2 a6 15. Bd3 Bg4 16. f3 Bh5 17. Nb3 Bg6 18. O-O-O Rhd8 19. Nf4 Rd6 20. g4 Bxd3 21. Rxd3 g5 22. Ne2 {1-0 Moiseenko,V (2520)-Tunik,G (2401) Dvorkovich Memorial op 2017 (7)}) 8. Ngf3 Bd6 9. Bxd6 $146 ({RR} 9. Ne5 Bxe5 10. dxe5 Nd7 11. Nf3 g5 12. Bg3 Qb6 13. Qe2 Nc5 14. Bb1 Na4 15. O-O Nxb2 16. a4 Nc4 17. Bd3 N6a5 18. Rab1 Qc7 19. Nd4 Bd7 20. Rb4 O-O-O 21. Rfb1 b6 22. Nb5 Bxb5 23. Rxb5 Na3 {0-1 Faldon,D (1960)-Arapalea,D (1814) London Classic op 5th 2013 (5)}) ({RR} 9. Ne5 Qc7 10. Qe2 O-O 11. Bg3 a6 12. f4 Nd7 13. O-O Re8 14. Qh5 Nf6 15. Qh3 Nd7 16. Rae1 b5 17. Bh4 Nb6 18. g4 f6 19. Ng6 e5 20. fxe5 fxe5 21. dxe5 Nxe5 22. Nxe5 Bxe5 23. Bg3 Bd7 {0-1 Julien Casteleiro,A (1606)-Sanchez Gonzalez,D (1210) Gran Canaria Cabildo Cup 2022 (7)}) 9... Qxd6 10. O-O O-O 11. Re1 Nd7 12. Qe2 b6 13. Ne5 Ncxe5 14. dxe5 Qe7 15. Bc2 Nc5 16. Nf3 Ba6 17. Qd2 Bb7 18. Nd4 f6 19. exf6 Qxf6 20. b4 Ne4 21. Bxe4 dxe4 22. Re3 e5 23. Nb3 Rad8 24. Qe1 Rd3 25. c4 Rfd8 26. Rc1 Qg6 27. h3 Qh5 28. Kh2 Qg6 29. c5 Bd5 30. Nd2 bxc5 31. bxc5 Qc6 32. a3 Rf8 33. Rc3 Rxc3 34. Rxc3 e3 35. fxe3 e4 36. Qg3 Rd8 37. Qe5 Qg6 38. Nc4 Bxc4 39. Rxc4 Re8 40. Qd5+ Qf7 41. Qxf7+ Kxf7 42. c6 Kf6 43. c7 Rc8 44. Kg3 Ke5 45. Kg4 Kd5 46. Rc3 Ke5 47. Kh5 Kf5 48. Rc6 a5 49. g4+ Ke5 50. Kg6 Kd5 1-0

[Event "Olympiad Women 2024"]
[Site "Budapest HUN"]
[Date "2024.09.20"]
[Round "9.17"]
[Board "2"]
[White "Urh, Zala"]
[Black "Paasikangas, Johanna"]
[Result "0-1"]
[WhiteElo "2251"]
[BlackElo "2058"]
[PlyCount "76"]
[EventDate "2024.09.11"]
[WhiteTeam "Slovenia"]
[BlackTeam "Finland"]
[WhiteTeamCountry "SLO"]
[BlackTeamCountry "FIN"]

1. d4 Nf6 2. c4 g6 3. Nc3 Bg7 4. e4 d6 5. Be2 O-O 6. Be3 Nbd7 7. Qc2 ({RR} 7. g4 c5 8. d5 b5 9. cxb5 a6 10. g5 Ne8 11. a4 Nc7 12. Nf3 axb5 13. axb5 Rxa1 14. Qxa1 e6 15. dxe6 Nxe6 16. O-O Ne5 17. Nxe5 Bxe5 18. Qc1 Bb7 19. f4 Bxc3 20. Qxc3 Bxe4 21. b4 Re8 {0-1 Williams,S (2519)-Slaby,J (2470) BCF-chT1d 0910 (4NCL) Demotion pool 2009 (9.1)}) 7... e5 ({RR} 7... c5 8. d5 Ne5 9. h3 Qa5 10. f4 Nxe4 11. fxe5 Ng3 12. Rh2 Bxe5 13. Nf3 Nxe2 14. Kxe2 Bxh2 15. Nxh2 e5 16. Bh6 Re8 17. Ne4 Bf5 18. Nf6+ Kh8 19. Qd2 Qxd2+ 20. Kxd2 Re7 21. g4 Bc8 22. Nf1 {1-0 Urh,Z (2321)-Garcia,A (1894) Olympiad Women-44 2022 (9.2)}) 8. d5 Qe7 ({RR} 8... Ne8 9. g4 Qe7 10. O-O-O Nc5 11. h4 f5 12. gxf5 gxf5 13. h5 Kh8 14. Nf3 fxe4 15. Nd2 Nd3+ 16. Bxd3 exd3 17. Qxd3 Bf5 18. Nde4 c6 19. Qd2 Rc8 20. f3 cxd5 21. cxd5 Rc4 22. Kb1 a6 23. Ka1 {0-1 Jin,R (1819)-Wang,H (2170) ch-CHN Personal GpB m 2024 (5.9)}) 9. h4 $146 ({RR} 9. h3 a6 10. Nf3 Ne8 11. g4 c6 12. O-O-O c5 13. Rdg1 Nc7 14. h4 b5 15. h5 b4 16. Na4 Rb8 17. hxg6 fxg6 18. g5 Nb6 19. Nxb6 Rxb6 20. Rg2 Rf7 21. Rgh2 Bf8 22. Nh4 Rg7 23. Qd1 a5 {1-0 Balazs,I (2107)-Forgacs,A (1639) HUN-chT2 Charousek 1516 2015 (7.12)}) 9... c5 10. h5 Ne8 11. Nf3 Ndf6 12. hxg6 fxg6 13. Nd2 Ng4 14. Bxg4 Bxg4 15. f3 Bd7 16. O-O-O a6 17. Rh2 Rf7 18. Rdh1 Bf6 19. Nd1 b5 20. Nf2 Bg5 21. Nf1 bxc4 22. Bxg5 Qxg5+ 23. Qd2 Qe7 24. Ne3 Rb8 25. Nfg4 Bxg4 26. Nxg4 Rg7 27. f4 Nf6 28. Nxf6+ Qxf6 29. g3 exf4 30. gxf4 Rgb7 31. e5 dxe5 32. d6 Qxf4 33. Qxf4 exf4 34. Rc2 Rd7 35. Rxc4 Rf8 36. Rxc5 Rxd6 37. Rc7 h5 38. Re1 Rdf6 0-1

[Event "Olympiad Women 2024"]
[Site "Budapest HUN"]
[Date "2024.09.20"]
[Round "9.17"]
[Board "3"]
[White "Bederdin, Lilja"]
[Black "Janzelj, Lara"]
[Result "0-1"]
[WhiteElo "2065"]
[BlackElo "2193"]
[PlyCount "40"]
[EventDate "2024.09.11"]
[WhiteTeam "Finland"]
[BlackTeam "Slovenia"]
[WhiteTeamCountry "FIN"]
[BlackTeamCountry "SLO"]

1. d4 d5 2. Nf3 Nf6 3. c4 c6 4. Nc3 dxc4 5. a4 Bf5 6. Ne5 e6 7. e3 Nbd7 8. Nxc4 Bb4 9. Bd2 ({RR} 9. Be2 O-O 10. O-O Qc7 11. Qb3 a5 12. Na2 Be7 13. f3 b5 14. axb5 a4 15. Qc3 cxb5 16. Na3 Qb6 17. Nxb5 Rfc8 18. Qe1 e5 19. Kh1 Bc2 20. Nac3 Bb3 21. Bd2 Bc4 22. Qd1 Bb3 23. Qb1 Bc4 {1-0 Li,G (2331)-Chubakov,S (2330) SixDays July GMB 2024 (8.1)}) 9... O-O 10. Be2 c5 11. O-O Qe7 $146 ({RR} 11... cxd4 12. exd4 Nb6 13. Nxb6 Qxb6 14. Be3 Rfd8 15. Qb3 Ba5 16. Qxb6 Bxb6 17. Rfd1 a6 18. Bf3 Rd7 19. a5 Ba7 20. h3 Rad8 21. g4 Bc2 22. Rd2 Bb3 23. g5 Nd5 24. Bxd5 Bxd5 25. f4 Bf3 26. Kf2 {1-0 Magnifico,G (2021)-Nalbone,V (1473) Torino Sada op 2012 (5)}) 12. Re1 Rfd8 13. Bf3 Bd3 14. Ne5 Nxe5 15. dxe5 Nd7 16. Bxb7 Rab8 17. Bf3 Nxe5 18. Be2 Nc4 19. Qc1 Qd7 20. Bf3 Bg6 0-1

[Event "Olympiad Women 2024"]
[Site "Budapest HUN"]
[Date "2024.09.20"]
[Round "9.17"]
[Board "4"]
[White "Mihelic, Vesna"]
[Black "Puuska, Heini"]
[Result "1/2-1/2"]
[WhiteElo "2069"]
[BlackElo "1930"]
[PlyCount "73"]
[EventDate "2024.09.11"]
[WhiteTeam "Slovenia"]
[BlackTeam "Finland"]
[WhiteTeamCountry "SLO"]
[BlackTeamCountry "FIN"]

1. e4 c5 2. Nf3 g6 3. d4 cxd4 4. Nxd4 Bg7 5. Nc3 Nc6 6. Be3 d6 7. Be2 Nf6 8. O-O O-O 9. Kh1 d5 10. exd5 Nxd5 11. Nxd5 Qxd5 12. Bf3 Qc4 13. Nxc6 bxc6 14. c3 Bf5 15. Qb3 Qa6 16. Bc5 Rab8 17. Qa3 Qxa3 18. Bxa3 c5 $146 ({RR} 18... Rfc8 19. g4 Be6 20. Rfe1 Bf6 21. Kg2 Kf8 22. Kg3 Rb5 23. Be4 h5 24. h3 hxg4 25. hxg4 Rg5 26. f3 Kg7 27. Rh1 c5 28. Rad1 Be5+ 29. Kf2 Bxa2 30. b4 Bd6 31. Ra1 Bc4 32. Bc1 Re5 33. Bh6+ {1-0 Segal,A (2245)-Calzetta Ruiz,M (2210) Wch U26 (Women) 1998 (1)}) 19. Rad1 Rfc8 20. Rfe1 Be6 21. Bd5 Bxd5 22. Rxd5 Rc7 23. Red1 Bf8 24. c4 e6 25. Rd7 Rbb7 26. Rd8 Kg7 27. b3 Be7 28. R8d3 Bf6 29. Bc1 Bd4 30. f4 a5 31. Bd2 Ra7 32. a3 Bb2 33. g4 f6 34. Rd6 Rd7 35. Be3 Rxd6 36. Rxd6 Bxa3 37. Rxe6 1/2-1/2

[Event "Olympiad Women 2024"]
[Site "Budapest HUN"]
[Date "2024.09.20"]
[Round "9.18"]
[Board "1"]
[White "Borosova, Zuzana"]
[Black "Wafa, Shrook"]
[Result "1/2-1/2"]
[WhiteElo "2205"]
[BlackElo "2137"]
[PlyCount "95"]
[EventDate "2024.09.11"]
[WhiteTeam "Slovakia"]
[BlackTeam "Egypt"]
[WhiteTeamCountry "SVK"]
[BlackTeamCountry "EGY"]

1. e4 c5 2. Nf3 Nc6 3. d4 cxd4 4. Nxd4 g6 5. c4 Bg7 6. Be3 Nf6 7. Nc3 d6 8. Be2 O-O 9. f3 Bd7 10. Qd2 Nxd4 11. Bxd4 Bc6 12. O-O a5 13. Rfd1 a4 14. b4 axb3 15. axb3 Nd7 16. Bxg7 Kxg7 17. Qd4+ Kg8 18. b4 b6 19. Rdc1 $146 ({RR} 19. f4 Qc7 20. Rac1 Rfd8 21. Nd5 Bxd5 22. cxd5 Qb7 23. Bb5 Ra2 24. Rc6 Nf6 25. Bc4 Ra3 26. e5 Ng4 27. b5 Ne3 28. Re1 dxe5 29. fxe5 Nf5 30. Qxb6 Qxb6+ 31. Rxb6 Ne3 32. Rc6 Nxc4 33. Rxc4 Rxd5 {1-0 Neininger,R-Bruening,R Oberliga Baden 9394 1993 (2.7)}) 19... Qb8 20. Nd1 Rxa1 21. Rxa1 b5 22. cxb5 Bxb5 23. Bxb5 Qxb5 24. Nc3 Qb6 25. Qxb6 Nxb6 26. Kf2 Rc8 27. Ra3 Kf8 28. Ke2 Ke8 29. Kd3 Nc4 30. Ra7 Ne5+ 31. Kc2 Nc6 32. Rb7 Nd8 33. Ra7 Nc6 34. Rb7 Nd8 35. Ra7 Rb8 36. b5 Rb7 37. Rxb7 Nxb7 38. Kb3 e6 39. Kc4 Kd7 40. h4 Kc7 41. Na4 Na5+ 42. Kb4 Nb7 43. Kc4 f6 44. Kb4 Nd8 45. Nc3 Nb7 46. Na4 Nd8 47. Nc3 Nb7 48. Na4 1/2-1/2

[Event "Olympiad Women 2024"]
[Site "Budapest HUN"]
[Date "2024.09.20"]
[Round "9.70"]
[White "Wafa, Shahenda"]
[Black "Repkova, Eva"]
[Result "0-1"]
[WhiteElo "2102"]
[BlackElo "2319"]
[PlyCount "60"]
[EventDate "2024.09.11"]
[WhiteTeam "Egypt"]
[BlackTeam "Slovakia"]
[WhiteTeamCountry "EGY"]
[BlackTeamCountry "SVK"]

1. e4 e5 2. Nf3 Nc6 3. Bb5 a6 4. Ba4 Nf6 5. O-O Be7 6. Re1 b5 7. Bb3 d6 8. c3 O-O 9. h3 Bd7 10. d4 a5 11. d5 ({RR} 11. a4 bxa4 12. Bxa4 exd4 13. cxd4 Nb4 14. Nc3 Bxa4 15. Rxa4 Re8 16. Bf4 Qc8 17. Qd2 Qb7 18. Bg5 h6 19. Bh4 Nd7 20. Bxe7 Rxe7 21. Ra3 Nf6 22. e5 dxe5 23. dxe5 Nd7 24. Ne4 Rae8 25. Rxa5 Nc6 {½-½ Dominguez Perez,L (2745)-Hansen,E (2613) Chess.com Rapid CGC KO 2022 (2.1)}) 11... a4 12. Bc2 Na5 13. b4 Nc4 $146 ({RR} 13... axb3 14. axb3 c6 15. Nxe5 dxe5 16. d6 Be6 17. dxe7 Qxe7 18. Be3 Rfd8 19. Nd2 Nd7 20. Qe2 Qf8 21. b4 Nc4 22. Rxa8 Rxa8 23. Bb3 Nxe3 24. Qxe3 Qe7 25. Rd1 Nf8 26. Bxe6 Nxe6 27. Nb3 h5 28. Qb6 {0-1 Park,E (2340)-Salinas Herrera,P (2485) 17th American Continental 2024 (9.11)}) 14. Nbd2 Nb6 15. Nf1 Rc8 16. Ne3 Re8 17. Bd3 c6 18. dxc6 Bxc6 19. Nf5 Bf8 20. Qe2 d5 21. Bxb5 Nxe4 22. Bxc6 Rxc6 23. Qa6 Qd7 24. Ne3 Nxc3 25. b5 Rg6 26. Ng4 Nc4 27. b6 Rxb6 28. Ngxe5 Nxe5 29. Qxb6 Nxf3+ 30. gxf3 Rxe1+ 0-1

[Event "Olympiad Women 2024"]
[Site "Budapest HUN"]
[Date "2024.09.20"]
[Round "9.18"]
[Board "3"]
[White "Mrvova, Alena"]
[Black "Romany, Joy"]
[Result "1/2-1/2"]
[WhiteElo "2121"]
[BlackElo "2012"]
[PlyCount "110"]
[EventDate "2024.09.11"]
[WhiteTeam "Slovakia"]
[BlackTeam "Egypt"]
[WhiteTeamCountry "SVK"]
[BlackTeamCountry "EGY"]

1. e4 c5 2. Nf3 e6 3. d3 Nc6 4. g3 g6 5. Bg2 Bg7 6. O-O d6 7. Re1 ({RR} 7. a4 Nge7 8. Nfd2 O-O 9. f4 Rb8 10. Kh1 a6 11. Nf3 b5 12. axb5 axb5 13. Nc3 b4 14. Ne2 d5 15. e5 f6 16. exf6 Bxf6 17. g4 Bg7 18. Ng3 e5 19. Nxe5 Nxe5 20. fxe5 Rxf1+ 21. Qxf1 Bxe5 {1-0 Tabatabaei,M (2707)-Christiansen,J (2637) Titled Tue 16th Apr Early 2024 (6)}) ({RR} 7. Nc3 Nf6 8. h3 O-O 9. Be3 a6 10. a4 Rb8 11. Qd2 Qc7 12. Bh6 Bd7 13. Nh4 Nd4 14. Bxg7 Kxg7 15. f4 Qd8 16. Rf2 Nh5 17. Qe3 f5 18. Raf1 Bc6 19. Kh2 Rc8 20. Nf3 Nxf3+ 21. Bxf3 Nf6 {½-½ De Coverly,R (1852)-Asgarova,T (1988) 2nd Cambridge Int Open 2024 (3.36)}) 7... Nf6 8. a4 $146 ({RR} 8. c3 O-O 9. d4 cxd4 10. cxd4 Qb6 11. Nc3 Bd7 12. h3 e5 13. dxe5 dxe5 14. Nd5 Nxd5 15. exd5 Nd4 16. Nxe5 Bf5 17. Nc4 Qb4 18. Ne3 Rfe8 19. Qd2 Qxd2 20. Bxd2 Bxh3 21. Bh1 Bd7 22. Rac1 Rac8 {1-0 Pregl,W (2046)-Noettger,E (1983) Seefeld op 18th 2007 (2)}) 8... O-O 9. Na3 Rb8 10. Nc4 d5 11. exd5 Nxd5 12. Nfe5 Nce7 13. Ng4 Nf5 14. c3 b6 15. Nge3 Bb7 16. Nxd5 Bxd5 17. Bf4 Ra8 18. Qe2 Bxg2 19. Kxg2 Qd5+ 20. Qe4 Rad8 21. Rad1 Rd7 22. f3 Rfd8 23. Qe2 Qb7 24. g4 Ne7 25. Ne5 Nd5 26. Bg3 Re7 27. g5 f6 28. gxf6 Bxf6 29. Qe4 Bg5 30. h4 Bh6 31. Ng4 Bg7 32. Be5 Rf7 33. d4 Rdf8 34. c4 Nf4+ 35. Kh2 Qe7 36. Kg3 Nh5+ 37. Kg2 cxd4 38. Bxg7 Rxg7 39. Rxd4 Nf4+ 40. Qxf4 Rxf4 41. Rxf4 h5 42. Nf6+ Kh8 43. Nd5 Qe8 44. Rf6 e5 45. Re4 Rf7 46. Rxf7 Qxf7 47. Rxe5 Qd7 48. b3 a6 49. Re7 Qd6 50. Rb7 Qe5 51. Rxb6 Qe2+ 52. Kg3 Qe1+ 53. Kg2 Qe2+ 54. Kg3 Qe1+ 55. Kg2 Qe2+ 1/2-1/2